LEADER 04703nam 22007575 450 001 996466011903316 005 20230406042435.0 010 $a3-540-49991-1 024 7 $a10.1007/11945529 035 $a(CKB)1000000000283968 035 $a(SSID)ssj0000319541 035 $a(PQKBManifestationID)11230370 035 $a(PQKBTitleCode)TC0000319541 035 $a(PQKBWorkID)10338720 035 $a(PQKB)10657889 035 $a(DE-He213)978-3-540-49991-6 035 $a(MiAaPQ)EBC3068657 035 $a(PPN)123139902 035 $a(EXLCZ)991000000000283968 100 $a20100301d2006 u| 0 101 0 $aeng 135 $aurnn|008mamaa 181 $ctxt 182 $cc 183 $acr 200 10$aPrinciples of Distributed Systems$b[electronic resource] $e10th International Conference, OPODIS 2006, Bordeaux, France, December 12-15, 2006, Proceedings /$fedited by Alexander A. Shvartsman 205 $a1st ed. 2006. 210 1$aBerlin, Heidelberg :$cSpringer Berlin Heidelberg :$cImprint: Springer,$d2006. 215 $a1 online resource (XIV, 450 p.) 225 1 $aTheoretical Computer Science and General Issues,$x2512-2029 ;$v4305 300 $aInternational conference proceedings. 311 $a3-540-49990-3 320 $aIncludes bibliographical references and index. 327 $aLazy and Speculative Execution in Computer Systems -- In Search of the Holy Grail: Looking for the Weakest Failure Detector for Wait-Free Set Agreement -- A Topological Treatment of Early-Deciding Set-Agreement -- Renaming with k-Set-Consensus: An Optimal Algorithm into n + k ? 1 Slots -- When Consensus Meets Self-stabilization -- On the Cost of Uniform Protocols Whose Memory Consumption Is Adaptive to Interval Contention -- Optimistic Algorithms for Partial Database Replication -- Optimal Clock Synchronization Revisited: Upper and Lower Bounds in Real-Time Systems -- Distributed Priority Inheritance for Real-Time and Embedded Systems -- Safe Termination Detection in an Asynchronous Distributed System When Processes May Crash and Recover -- Lock-Free Dynamically Resizable Arrays -- Distributed Spanner Construction in Doubling Metric Spaces -- Verification Techniques for Distributed Algorithms -- Mobile Agent Algorithms Versus Message Passing Algorithms -- Incremental Construction of k-Dominating Sets in Wireless Sensor Networks -- Of Malicious Motes and Suspicious Sensors: On the Efficiency of Malicious Interference in Wireless Networks -- Empire of Colonies Self-stabilizing and Self-organizing Distributed Algorithms -- Glance: A Lightweight Querying Service for Wireless Sensor Networks -- On Many-to-Many Communication in Packet Radio Networks -- Robust Random Number Generation for Peer-to-Peer Systems -- About the Lifespan of Peer to Peer Networks -- Incentive-Based Robust Reputation Mechanism for P2P Services -- Searching for Black-Hole Faults in a Network Using Multiple Agents -- Gathering Asynchronous Mobile Robots with Inaccurate Compasses -- Gathering Few Fat Mobile Robots in the Plane -- Hop Chains: Secure Routing and the Establishment of Distinct Identities -- Computing on a Partially Eponymous Ring -- Self-stabilizing Leader Election in Networks of Finite-State Anonymous Agents -- Robust Self-stabilizing Clustering Algorithm -- Self-stabilizing Wireless Connected Overlays. 410 0$aTheoretical Computer Science and General Issues,$x2512-2029 ;$v4305 606 $aComputer systems 606 $aComputer networks 606 $aSoftware engineering 606 $aComputer programming 606 $aOperating systems (Computers) 606 $aComputers, Special purpose 606 $aComputer System Implementation 606 $aComputer Communication Networks 606 $aSoftware Engineering 606 $aProgramming Techniques 606 $aOperating Systems 606 $aSpecial Purpose and Application-Based Systems 615 0$aComputer systems. 615 0$aComputer networks. 615 0$aSoftware engineering. 615 0$aComputer programming. 615 0$aOperating systems (Computers). 615 0$aComputers, Special purpose. 615 14$aComputer System Implementation. 615 24$aComputer Communication Networks. 615 24$aSoftware Engineering. 615 24$aProgramming Techniques. 615 24$aOperating Systems. 615 24$aSpecial Purpose and Application-Based Systems. 676 $a005.4/476 702 $aShvartsman$b Alexander A$4edt$4http://id.loc.gov/vocabulary/relators/edt 712 12$aOPODIS 2006 906 $aBOOK 912 $a996466011903316 996 $aPrinciples of Distributed Systems$9772112 997 $aUNISA LEADER 01227nam a2200325Ii 4500 001 991003601629707536 008 190131s2018 ne a b 001 0 eng d 020 $a9789062992508 035 $ab14358347-39ule_inst 040 $aBibl. Dip.le Aggr. Matematica e Fisica - Sez. Fisica$beng 082 04$a617.7/19059$223 084 $aLC QP477.8 084 $a617.7 245 00$aBiomechanics of the eye /$cedited by Cynthia J. Roberts, William J. Dupps, J. Crawford Downs 264 1$aAmsterdam, The Netherlands :$bKugler Publications,$c2018 300 $axxii, 522 p. :$billustrations (chiefly color) ;$c25 cm 504 $aIncludes bibliographical references and index 650 4$aCornea 650 4$aCornea$xMechanical properties 650 4$aHuman mechanics 650 4$aOphthalmology$xResearch 700 1 $aRoberts, Cynthia J. 700 1 $aDupps, William J. 700 1 $aDowns, J. Crawford 907 $a.b14358347$b08-05-19$c31-01-19 912 $a991003601629707536 945 $aLE006 617.7 ROB$g1$i2006000181501$lle006$op$pE168.21$q-$rl$s- $t0$u0$v0$w0$x0$y.i1588806x$z08-05-19 996 $aBiomechanics of the eye$91749563 997 $aUNISALENTO 998 $ale006$b31-01-19$cm$da $e $feng$gne $h0$i0 LEADER 01529nam 2200445 450 001 9910155230203321 005 20170314081854.0 010 $a1-5361-0016-1 035 $a(CKB)3710000000973804 035 $a(MiAaPQ)EBC4787069 035 $a(EXLCZ)993710000000973804 100 $a20170130h20172017 uy 0 101 0 $aeng 135 $aurcnu|||||||| 181 $2rdacontent 182 $2rdamedia 183 $2rdacarrier 200 00$aDigital stories and their integration in early childhood and primary education $eteaching scenarios and practical ideas /$fJim Prentzase, editor 210 1$aNew York, [New York] :$cNova Science Publishers, Inc.,$d2017. 210 4$dİ2017 215 $a1 online resource (215 pages) 225 1 $aEducation in a Competitive and Globalizing World 311 $a1-5361-0001-3 320 $aIncludes bibliographical references at the end of each chapters and index. 410 0$aEducation in a competitive and globalizing world series. 606 $aStorytelling in education 606 $aDigital storytelling 606 $aEarly childhood education 615 0$aStorytelling in education. 615 0$aDigital storytelling. 615 0$aEarly childhood education. 676 $a372.67/7 702 $aPrentzase$b Jim 801 0$bMiAaPQ 801 1$bMiAaPQ 801 2$bMiAaPQ 906 $aBOOK 912 $a9910155230203321 996 $aDigital stories and their integration in early childhood and primary education$92887721 997 $aUNINA